Southville International School and Colleges
Your cart is empty.
  • Cart
  • Lists
    Public lists Eva Luna New books Lux_list list_1
    Your lists Log in to create your own lists
  • Log in to your account
  • Your cookies
  • Search history
Southville International School and Colleges
  • Advanced search
  • Recent comments
  • Most popular
  • Libraries

Log in to your account

Log in with GOOGLE


If you do not have an external account, but do have a local account, you can still log in:

  1. Home
  2. MARC view: The internet for dummies /
Normal view MARC view ISBD view

The internet for dummies / (Record no. 102107)

[ view plain ]
MARC details
000 -LEADER
fixed length control field 00413nam a2200157 a 4500
005 - DATE AND TIME OF LATEST TRANSACTION
control field 20140412111228.0
008 - FIXED-LENGTH DATA ELEMENTS--GENERAL INFORMATION
fixed length control field 020604s19uu xx 00 eng d
020 ## - INTERNATIONAL STANDARD BOOK NUMBER
International Standard Book Number 1-56884-620-7
050 ## - LIBRARY OF CONGRESS CALL NUMBER
Classification number M 004.67
Item number L48 1996
100 ## - MAIN ENTRY--PERSONAL NAME
Personal name Levine, John R.
245 ## - TITLE STATEMENT
Title The internet for dummies /
Statement of responsibility, etc John R. Levine.
260 ## - PUBLICATION, DISTRIBUTION, ETC. (IMPRINT)
Name of publisher, distributor, etc IDG Books.
300 ## - PHYSICAL DESCRIPTION
Extent 400 p.
650 ## - SUBJECT ADDED ENTRY--TOPICAL TERM
Topical term or geographic name as entry element Computer
General subdivision Study and teaching
Holdings
Withdrawn status Lost status Damaged status Home library Current library Shelving location Date acquired Source of acquisition Total Checkouts Full call number Barcode Date last seen Price effective from Koha item type
      Elizalde Library Elizalde Library Main Section 06/04/2002     M 004.67 L48 1996 E0540 04/12/2014 04/12/2014 Books

The internet for dummies /

APA

Levine J. R., .The internet for dummies. : IDG Books.

Chicago

Levine John R, .The internet for dummies. : IDG Books.

Harvard

Levine J. R., .The internet for dummies. : IDG Books.

MLA

Levine John R, .: IDG Books. .

  • Place hold
  • Print
  • Cite
  • Add to your cart (remove)
  • Save record
    BIBTEX Dublin Core MARCXML MARC (non-Unicode/MARC-8) MARC (Unicode/UTF-8) MARC (Unicode/UTF-8, Standard) MODS (XML) RIS
  • More searches
    Search for this title in:
    Other Libraries (WorldCat) Other Databases (Google Scholar) Online Stores (Bookfinder.com) Open Library (openlibrary.org)

Exporting to Dublin Core...

SOUTHVILLE LIBRARY

Southville International School and Colleges Library

1281 Tropical Ave. Cor. Luxembourg St., BF Homes International, Las Pinas City

Tel. No. 8256374 / 252358 Loc. 117/146

Powered by Koha